Hiroshima : missatge de pau entre els pobles / organitza: Fundació pels Drets Col·lectius dels Pobles missatge de pau entre els pobles / organitza:

Publicat: Barcelona : Diputació de Barcelona , 1997
Descripció física: 93 p. : principalment il., col. ; 28 cm

MARC

LEADER 00000nam a2200000Ia 4500
001 11674
003 BGR
005 20260324175335.0
008 160829s1997 xx 000 0 cat d
080 |a H-1-271 
245 |a Hiroshima :  |b  missatge de pau entre els pobles / organitza:  |b  Fundació pels Drets Col·lectius dels Pobles 
260 |a Barcelona :  |b Diputació de Barcelona,  |c 1997 
300 |a 93 p. :  |b  principalment il., col. ;  |c 28 cm 
590 |a Catàleg de l'exposició feta a Barcelona amb el mateix nom 
650 |a Hiroshima  |x Història  |x Bombardeig, 1945  |x Exposicions  |9 27962 
710 1 |a Barcelona (Catalunya : Província).  |b Diputació  |9 52408 
710 2 |a Fundació pels Drets Col·lectius dels Pobles   |9 70911 
901 |a Arxiu 
942 |n 1  |2 udc  |c MON 
952 |0 0  |1 0  |4 0  |6 H1271  |7 1  |9 44617  |a Arxiu  |b Arxiu  |d 2016-12-01  |l 0  |o H-1-271  |p 11674  |r 2016-12-01 00:00:00  |w 2016-12-01  |y ARXIU 
999 |c 47198  |d 47198